Učebnica nemčiny pre samoukov a kurzy. 1.,2. časť /
Uložené v:
| Hlavný autor: | |
|---|---|
| Médium: | Kniha |
| Jazyk: | Slovak |
| Vydavateľské údaje: |
Bratislava :
Slovenské pedagogické nakladateľstvo,
1993
|
| Vydanie: | 7.vyd. |
| Predmet: | |
| Tagy: |
Žiadne tagy, Buďte prvý, kto otaguje tento záznam!
|
MARC
| LEADER | 00000nam a22000003a 4500 | ||
|---|---|---|---|
| 001 | stu31548 | ||
| 005 | 20150617225736.2 | ||
| 008 | 940125s1993----xo------------------slo-d | ||
| 020 | |a 80-08-01901-8 | ||
| 040 | |a STU |b slo | ||
| 041 | 0 | |a slo | |
| 044 | |a xo | ||
| 080 | |a 803.0 |7 stu_us_auth*stu8372 | ||
| 100 | 1 | |a Vaverková, Irena |4 aut | |
| 245 | 1 | |a Učebnica nemčiny pre samoukov a kurzy. 1.,2. časť / |c [aut.] Vaverková,Irena | |
| 250 | |a 7.vyd. | ||
| 260 | |a Bratislava : |b Slovenské pedagogické nakladateľstvo, |c 1993 | ||
| 300 | |a 429,437 s | ||
| 650 | 7 | |a nemčina |2 stusub | |
| 996 | |b J90232 |c J*90232 |l JJSK |s A |a 24 |w stu31548_0001 | ||
| 996 | |b J90233 |c J*90233 |l JJSK |s A |a 24 |w stu31548_0002 | ||
| 996 | |b J90234 |c J*90234 |l JJSK |s A |a 24 |w stu31548_0003 | ||
| 996 | |b 284J011239 |c J*90231 |l JJSK |s A |a 24 |w stu31548_0004 | ||